| 000 | 00444cam a2200169ua 4500 | ||
|---|---|---|---|
| 020 | _c2.25 | ||
| 041 |
_amal _h |
||
| 082 |
_a894.81280355 _bBAL/SO |
||
| 100 | _aBalakrishna Pillai, A.K . | ||
| 245 |
_aSoundarya bhoomoyile janatha / _cA.K Balakrishna Pillai. _hTextual Documents |
||
| 260 |
_aThiruvananthapuram : _bKesari Press , _c1966. |
||
| 300 | _a222 ; . | ||
| 365 | _a2.25 | ||
| 504 | _a | ||
| 942 | _cBK | ||
| 999 |
_c4287 _d4287 |
||